000 01265nam a22003377a 4500
999 _c21509
_d21509
003 AR-CdUCM
008 190220b ||||| |||| 00| 0 spa d
020 _a9789972514678
040 _aMUNICIPALIDAD PROVINCIAL DEL CUSCO
_cBIBLIOTECA MUNICIPAL DEL CUSCO
082 _a338.985/A5
_bA5
245 _aAmazonía peruana y desarrollo económico /
_cRoxana Barrantes y Manuel Glave, editores
260 _aLima :
_bInstituto de Estudios Peruanos, IEP,
_bGRADE,
_c2014.
300 _a258 páginas. :
_bilustraciones en color, diagramas., mapas ;
_c23 cm.
440 _aSerie Estudios sobre Desigualdad,
_n8.
_945154
500 _zIncluye bibliografías.
650 _aDesarrollo económico
_91696
650 _aDesarrollo sostenible
_94163
650 _aPolítica económica
_91407
650 _aComunidades nativas
_931785
650 _aAmazonía
_93433
650 _aConservación de los recursos naturales
_922198
650 _aEnergía eléctrica
_918729
650 _aTransporte
_99473
650 _aInfraestructura
_938257
650 _aPerú
_945155
700 _aBarrantes, Roxana (editora)
_945156
700 _aGlave Testino, Manuel (editor)
_945157
710 _aInstituto de Estudios Peruanos (Lima)
_99759
942 _2ddc
_cLIBROS
945 _aRoel